|
|
|
|
| LEADER |
00635cam a2200205 7i4500 |
| 001 |
0000015012 |
| 005 |
20220121090000.0 |
| 020 |
# |
# |
|a 981-232-720-7
|
| 090 |
0 |
0 |
|a EGPT 306.932
|b WIL
|
| 100 |
1 |
# |
|a Wilson,Susan L.
|
| 245 |
1 |
0 |
|a Culture Shock! :
|b Egypt.
|
| 260 |
# |
# |
|a Singapore:
|b Times Books International,
|c 1998.
|
| 300 |
# |
# |
|a 247 p.
|
| 650 |
# |
0 |
|a Culture --
|z Egypt
|
| 650 |
# |
0 |
|a Etiquette --
|z Egypt
|
| 650 |
# |
0 |
|a Egypt --
|x Social life and customs
|
| 650 |
# |
0 |
|a Doing business --
|z Egypt
|
| 651 |
# |
0 |
|a Egypt
|
| 999 |
|
|
|a SBH000030B
|b Book
|c Countries
|e MATRADE Sabah
|
| 999 |
|
|
|a PNG000080B
|b Book
|c Countries
|e MATRADE Northern Regional Office
|